000 00554cab a2200217 4500
001 ABS46573
008 090401t1992 xxu||||| |||| 00| 0 eng d
035 _a(Sirsi) u58778
041 _aeng
100 _aGordon, A.
245 _aOffices to homes
260 _c1992
350 _a0
490 _aHousing and Planning Review
_v47(3) June/July 1992, 6-7(2)
520 _aReports on moves to convert empty offices into homes.
650 _aHOMELESSNESS
650 _aOFFICES TO HOMES
690 _aHOUSING
942 _n0
948 _c04/03/1997
999 _c35942
_d35942